| 000 | 00728nam a2200253 a 4500 | ||
|---|---|---|---|
| 008 | |||
| 020 | _a0471864730 (cased.) | ||
| 049 | _aMAIN | ||
| 090 | 0 | 0 | _aQK882 |
| 100 | 1 | _aFoyer, Christine H. | |
| 245 | 1 | 0 |
_aCell biology. _nVolume 1, _pPhotosynthesis / _cChristine H. Foyer. |
| 260 |
_aNew York : _bWiley, _cc1984. |
||
| 300 |
_axvii, 219 p. : _bill. ; _c24 cm. |
||
| 440 | 1 |
_aCell biology ; _vv. 1 |
|
| 504 | _aIncludes bibliographical references. | ||
| 500 | _aIncludes index. | ||
| 650 | 0 | _aPhotosynthesis. | |
| 740 | _aPhotosynthesis. | ||
| 907 |
_a.b10121602 _b13-05-04 _c11-05-04 |
||
| 003 | |||
| 005 | 20230123133714.0 | ||
| 040 | _cNUST | ||
| 942 |
_cBOOKS _kQK882 |
||
| 999 |
_c153203 _d153203 |
||